000 00639nam a2200205Ii 4500
003 JO-AjNU
008 230605s9999||||xx |||||||||||||| ||und||
017 _a1981/4769
040 _aJO-AjNU
_bara
_erda
_cJO-AjNU
041 _aara
050 1 4 _aLB1570.L3.1981
100 3 _aاللقائي، أحمد حسين,
_eauthor
_935661
245 0 0 _aالمناهج بين النظرية والتطبيق
264 3 1 _aالقاهرة:عالم الكتب،1981
300 _a335ص
336 _atext
_btxt
_2rdacontent
337 _aunmediated
_bn
_2rdamedia
338 _avolume
_bnc
_2rdacarrier
650 4 _aالتعليم-مناهج
_935662
999 _aA14744
_c18312
_d18312